Catalog

Record Details

Catalog Search



The nature and authority of the Bible  Cover Image Book Book

The nature and authority of the Bible / by Raymond Abba.

Abba, Raymond. (Author).

Record details

  • Physical Description: 333 s. ; 23 cm.
  • Publisher: London, W.C.: James Clarke & CO. LTD., 1958.

Content descriptions

Bibliography, etc. Note:
Includes bibliographical references and indexes.
Subject: Bible > Criticism, interpretation, etc.
Bible > Evidences, authority, etc.
Bible > Inspiration.

Available copies

  • 1 of 1 copy available at Common Catalog SPOK.

Holds

  • 0 current holds with 1 total copy.
Show Only Available Copies
Location Call Number / Copy Notes Barcode Shelving Location Status Due Date
ETS Library 220.1 424470014102 Volný výběr Available -

LDR 00878cam a2200277ua 4500
00140677
003CZ-PrJAB
00520160215120110.0
008010117s1958 scu e 001 u eng u
010 . ‡a 59003813
035 . ‡a(CONS)11444
035 . ‡a(CaOOAMICUS)000036287583
040 . ‡aCaOWOBC ‡beng
05000. ‡aBS538.A25 1959
05004. ‡aBS 538 .A25 1958
08200. ‡a220.1
1001 . ‡aAbba, Raymond.
24514. ‡aThe nature and authority of the Bible / ‡cby Raymond Abba.
260 . ‡aLondon, W.C.: ‡bJames Clarke & CO. LTD., ‡c1958.
300 . ‡a333 s. ; ‡c23 cm.
504 . ‡aIncludes bibliographical references and indexes.
63000. ‡aBible ‡xCriticism, interpretation, etc.
63000. ‡aBible ‡xEvidences, authority, etc.
63000. ‡aBible ‡xInspiration.
8524 . ‡bETS ‡bETS ‡cVolný výběr ‡j220.1 ‡p424470014102 ‡y$50.00 ‡xreference
910 . ‡aABG450
999 . ‡a11444 ‡c11444 ‡tbiblio
905 . ‡uadmin
901 . ‡a40677 ‡b ‡c40677 ‡tbiblio ‡sets

Additional Resources